Súdne poplatky

Právna úprava súdnych poplatkov je komplexne upravená v zákone č. 71/1992 Z. z. o súdnych poplatkoch. Posledná zmena zákona bola vykonaná zákonom č. 530/2023 Z. z. Dôvodom jeho schválenia je vysoký deficit verejných financií a enormné zadĺženie Slovenska. Schváleným zákonom sa navrhol súbor konsolid...

Full description

Saved in:
Bibliographic Details
Main Author: Jaško, Jozef
Format: Book Chapter
Language:Slovak
Subjects:
Tags: Add Tag
No Tags, Be the first to tag this record!

MARC

LEADER 00000naa a2200000 4500
001 0307213
005 20250224091953.2
041 0 |a slo 
044 |a SK 
245 1 0 |a Súdne poplatky  |c Jozef Jaško 
520 |a Právna úprava súdnych poplatkov je komplexne upravená v zákone č. 71/1992 Z. z. o súdnych poplatkoch. Posledná zmena zákona bola vykonaná zákonom č. 530/2023 Z. z. Dôvodom jeho schválenia je vysoký deficit verejných financií a enormné zadĺženie Slovenska. Schváleným zákonom sa navrhol súbor konsolidačných opatrení, realizáciou ktorých sa majú zabezpečiť dodatočné príjmy štátneho rozpočtu, čo má prispieť k stabilizácii verejných financií a k eliminácii negatívnych vplyvov na vývoj hospodárenia Slovenska. 
610 2 0 |a poplatky súdne 
610 2 0 |a financie verejné 
610 2 0 |a deficit 
610 2 0 |a zadlženosť 
610 2 0 |a konsolidácia 
610 2 0 |a príjmy 
610 2 0 |a rozpočet štátny 
610 2 0 |a úpravy právne 
610 2 0 |a zákony 
100 1 |a Jaško, Jozef